Quiz Ministranta Po Zdjęciach! - Statystyki

Ogólne statystyki
  • Ten quiz został rozwiązany 60 razy
  • Średni wynik to 7 z 12
Statystyki odpowiedzi
Obrazkowy Odpowiedź % Poprawnych
Kielich
96%
kadzidlo
80%
Ampułki
78%
Gong
74%
Patena
74%
Patena
74%
Łódka
52%
Korporał
50%
Lavabo
39%
puryfikaterz
35%
patena głeboka
24%
Lavabo Do Chrztu
4%
Nie znaleziono quizów pasujących do podanych kryteriów
Rozkład punktacji
Procent ludzi z każdym wynikiem
Percentyl według liczby udzielonych odpowiedzi
Twoja historia wyników
Nie rozwiązałeś tego quizu